000 00710nam a2200289Ia 4500
005 20260324124107.0
008 008 260324s9999 xx 000 0 eng d
020 _a9781315701189
037 _aEBOOK
040 _aCRL
040 _beng
040 _cCRL
041 _2eng
041 _aeng
084 _qCRL
100 _aJeffrey Ian Ross
_91172813
245 0 _aReligion and Violence
245 3 _bAn Encyclopedia of Faith and Conflict from Antiquity to the Present
260 _bTaylor and Francis
260 _c2011
365 _a
365 _b200
856 _uhttp://www.taylorfrancis.com/books/9781315701189
942 _cEBOOK
999 _c1766922
_d1766922